Le Monde par lettre - P - Statistiques

Statistiques générales
  • Ce quiz a été pris 353 fois
  • Le résultat moyen est 10 sur 15
Statistiques - réponses
Indices Réponses % Correct
Plat typiquement italien Pizza | Pâtes
94%
Tour Eiffel Paris
92%
Roche, _____, Ciseau Papier
86%
Ensemble de deux Paire
85%
Plat typiquement québécois Poutine
81%
Pays d'Amérique Centrale avec capitale du même nom Panama
80%
C'est de là que le Père Noël vient Pôle Nord
77%
Langue la plus populaire commençant par P Portugais
77%
Seul État américain commençant par P Pennsylvanie
65%
Pays le plus peuplé du monde commençant par P Pakistan
62%
Ville la plus peuplée du monde commençant par P Pékin
56%
Jake et Logan ____ Paul
52%
Site Internet canadien le plus visité au monde PornHub
33%
Autre appellation du cannabis Pot
11%
Le P dans PNG Papouasie
9%
Aucun quiz correspondant
Distribution des résultats
% des personnes avec chaque résultat
Percentile par nombre de réponses
Votre historique - résultats
Vous n’avez pas pris ce quiz